Československá veřejná datová síť se stává skutečností.
Vytvorenie spoločných podnikov paketových verejných sietí dát EUROTEL spol. s r. o. v Prahe a Bratislave. Rámcový plán postupu výstavby verejnej datovej siete (VDS). Služby poskytované užívateľom VDS. Základné skupiny poplatkov účtovaných zákazníkovi. Organizácia poskytovania služieb VDS.
Salvato in:
| Autore principale: | |
|---|---|
| Natura: | Capitolo di libro |
| Lingua: | ceco |
| Soggetti: | |
| Tags: |
Nessun Tag, puoi essere il primo ad aggiungerne!!
|
MARC
| LEADER | 00000naa a2200000 4500 | ||
|---|---|---|---|
| 001 | r005181 | ||
| 005 | 20221125080408.4 | ||
| 041 | 0 | |a cze | |
| 044 | |a [CS] | ||
| 245 | 1 | 0 | |a Československá veřejná datová síť se stává skutečností. |c R. Hochman |
| 520 | |a Vytvorenie spoločných podnikov paketových verejných sietí dát EUROTEL spol. s r. o. v Prahe a Bratislave. Rámcový plán postupu výstavby verejnej datovej siete (VDS). Služby poskytované užívateľom VDS. Základné skupiny poplatkov účtovaných zákazníkovi. Organizácia poskytovania služieb VDS. | ||
| 610 | 2 | 0 | |a siete dátové |
| 610 | 2 | 0 | |a ČSFR |
| 610 | 2 | 0 | |a báza dát |
| 610 | 2 | 0 | |a EUROTEL |
| 610 | 2 | 0 | |a služby |
| 610 | 2 | 0 | |a poplatky |
| 100 | 1 | |a Hochman, R. | |